Catàleg dels pergamins municipals de Barcelona / Maria Cinta Mañé i Mas ; [fotografies: Josep Parer ; coordinació: Jordi Serchs] Josep Parer ; coordinació:
ISBN:
84-7609-368-3
Publicado:
Barcelona :
Arxiu Municipal de Barcelona : Institut de Cultura. Arxiu Històric de la Ciutat ,
2005
Descripción Física:
v. ; 22 cm
Colección:
Memòria de Barcelona
MARC
| LEADER | 00000nam a2200000Ia 4500 | ||
|---|---|---|---|
| 001 | 19852, 19853, 21237, 22299, 23430, 26450 | ||
| 008 | 160829s2005- xx 000 0 cat d | ||
| 017 | |a DL B-28087-2013 | ||
| 020 | |a 84-7609-368-3 (v. 1) | ||
| 020 | |a 978-84-9850-046-2 (v. 2) | ||
| 020 | |a 978-84-9850-119-3 (v. 3) | ||
| 020 | |a 978-84-9850-190-2 (v. 4) | ||
| 020 | |a 978-84-9850-367-8 (v .6) | ||
| 020 | |a 9788498505146 (v. 7) | ||
| 080 | |a A-2-311, A-2-312, A-2-336, A-2-389, A-3-22 | ||
| 100 | |a Mañé i Mas, Maria Cinta |9 48849 |e autor | ||
| 245 | |a Catàleg dels pergamins municipals de Barcelona / Maria Cinta Mañé i Mas ; [fotografies: |b Josep Parer ; coordinació: |b Jordi Serchs] | ||
| 260 | |a Barcelona : |b Arxiu Municipal de Barcelona : |b Institut de Cultura. Arxiu Històric de la Ciutat, |c 2005- | ||
| 300 | |a v. ; |c 22 cm | ||
| 490 | |a Memòria de Barcelona | ||
| 505 | |a Conté: V. 1: Anys 885-1334 -- V. 2: Anys 1336-1396 -- V. 3: Anys 1396-1444 -- V. 4: Anys 1441-1500 -- V. 6: Anys 1531-1559 -- V. 7: Anys 1560-1980, Apèndix (1149-1553) | ||
| 590 | |a Bibliografia. | ||
| 590 | |a Índex onomàstic i de matèries. | ||
| 590 | |a A partir del vol. 3, l'autor del catàleg és Manuel Rovira i Solà | ||
| 650 | |a Arxiu Municipal de Barcelona |x Catàlegs |9 48850 | ||
| 650 | |a Barcelona |x Història |x Fonts |9 48851 | ||
| 700 | |a Parer, Josep, fot. I |9 48852 |e fotografies | ||
| 700 | |a Serchs, Jordi, coord. |9 48853 |e editor | ||
| 700 | |a Rovira i Solà, Manuel |9 48854 |e autor | ||
| 710 | 2 | |a Institut de Cultura (Barcelona, Catalunya) |9 53422 | |
| 710 | 2 | |a Arxiu Municipal de Barcelona |9 55021 | |
| 866 | |a 1, 2, 3, 4, 6, 7 | ||
| 901 | |a Arxiu | ||
| 942 | |n 1 |2 udc | ||
| 952 | |0 0 |1 0 |4 0 |6 A2311_A2312_A2336_A2389_A322 |7 1 |9 54904 |a Arxiu |b Arxiu |d 2016-12-01 |l 0 |o A-2-311, A-2-312, A-2-336, A-2-389, A-3-22 |p 19852, 19853, 21237, |r 2016-12-01 00:00:00 |w 2016-12-01 |y ARXIU | ||
| 952 | |0 0 |1 0 |4 0 |6 BIB899 |7 1 |9 63416 |a Arxiu |b Arxiu |d 2022-08-12 |h Vol. 7 |o Bib-899 |p 26450 |r 2022-08-12 00:00:00 |w 2022-08-12 |y ARXIU | ||
| 999 | |c 58774 |d 58774 | ||